01641nam a22002417a 450000500170000000800410001702000180005804000070007604100120008308200200009510000280011524500380014325000060018126000450018730000270023236500550025952010000031465000180131465000240133265000090135670000190136570000150138420250808162444.0241126b ||||| |||| 00| 0 eng d a9788193465592 cAL aEnglish 223a620.8bKUMB aPranav Kumar and others aBiotechnology: A problem approach a6 aNew DelhibPathfinder Publicationc20245 a1070 p.bPBc28x21 cm. aIN-2113b₹600.00c₹d₹750.00e0%f14-11-2024 aBiotechnology – A Problem Approach is a comprehensive textbook that covers fundamental concepts, methodologies, and applications in biotechnology. This book offers a well-rounded introduction to key areas of the subject, including Biomolecules and Catalysis, Bioenergetics and Metabolism, Cell Structure and Functions, Immunology, Genetics, Bioinformatics, and Bioprocess Engineering. The chapters are thoughtfully selected to provide a focused yet comprehensive overview without overwhelming readers with excessive detail. The content is enhanced with clear explanations supported by flow charts, figures, and tables, facilitating easy and compelling learning. Self-tests and questions at the end of each chapter help readers assess their understanding and reinforce key concepts. Designed for BSc and MSc Biotechnology students, as well as those preparing for GATE Biotechnology and DBT-JRF exams, this book serves as a valuable resource for a deep understanding of biotechnology principles. aBiotechnology aRevised and updated aed 6 aVerma, Praveen aMina, Usha